[Event "Andalucia-ch U10"]
[Site "Islantilla"]
[Date "2012.04.13"]
[Round "4"]
[White "Gomez Pulido, Francisco Javier"]
[Black "Samodurov, Maxim"]
[Result "1/2-1/2"]
[WhiteElo "1351"]
[BlackElo "1225"]
[PlyCount "81"]
[EventDate "2012.04.13"]
[EventType "swiss"]
[EventRounds "9"]
[EventCountry "ESP"]
[SourceTitle "CBM 148 Extra"]
[Source "ChessBase"]
[SourceDate "2012.06.22"]
[SourceVersion "1"]
[SourceVersionDate "2012.06.22"]
[SourceQuality "1"]

1. e4 e5 2. Nf3 Nc6 3. Bc4 Bc5 4. 0-0 Nf6 5. Re1 d6 6. c3 Bg4 7. h3 Bh5 8. Bb5 0-0 9. d3 h6 10. Be3 Bb6 11. Bxb6 axb6 12. d4 Qd7 13. d5 Ra5 14. dxc6 bxc6 15. Bd3 Rd8 16. Nbd2 d5 17. exd5 Rxd5 18. Be2 Bxf3 19. Bxf3 Rxd2 20. Qb3 Qe7 21. Bxc6 Qc5 22. Bb7 Rb8 23. Bf3 Rxf2 24. Kh1 Re8 25. Rf1 e4 26. Bg4 Nxg4 27. hxg4 e3 28. Rae1 Rxf1+ 29. Rxf1 Re7 30. Qc2 e2 31. Re1 Qf2 32. Qd2 Qf1+ 33. Kh2 Kf8 34. Qc1 Qf2 35. Qd2 h5 36. gxh5 f5 37. h6 f4 38. hxg7+ Kxg7 39. Qd4+ Qxd4 40. cxd4 Kf6 41. Kg1 1/2-1/2

[Event "Andalucia-ch U10"]
[Site "Islantilla"]
[Date "2012.04.13"]
[Round "3"]
[White "Vizcaino Gallardo, Javier"]
[Black "Gomez Pulido, Francisco Javier"]
[Result "0-1"]
[WhiteElo "1230"]
[BlackElo "1351"]
[PlyCount "62"]
[EventDate "2012.04.13"]
[EventType "swiss"]
[EventRounds "9"]
[EventCountry "ESP"]
[SourceTitle "CBM 148 Extra"]
[Source "ChessBase"]
[SourceDate "2012.06.22"]
[SourceVersion "1"]
[SourceVersionDate "2012.06.22"]
[SourceQuality "1"]

1. e4 e6 2. d4 d5 3. e5 c5 4. c3 Qb6 5. Bd3 Nc6 6. Nf3 Bd7 7. Be2 Nh6 8. b3 Nf5 9. Bb2 Be7 10. 0-0 0-0 11. Re1 Rac8 12. Na3 cxd4 13. cxd4 Bb4 14. Rf1 a6 15. Bd3 Nfxd4 16. Bxd4 Nxd4 17. Nxd4 Bxa3 18. Re1 Bc5 19. Nf3 Bxf2+ 20. Kh1 Bxe1 21. Qxe1 Bb5 22. Bxb5 Qxb5 23. Qb1 Rc7 24. h3 Rfc8 25. Qb2 Rc2 26. Qa3 Qc5 27. b4 Qc3 28. Qxc3 R8xc3 29. Nd4 Rc1+ 30. Rxc1 Rxc1+ 31. Kh2 Ra1 0-1